Treasures of the Pharaohs : Cairo, Egyptian Museum /

Saved in:

Corporate Authors: Palazzo ducale (Venice, Italy), Matḥaf al-Miṣrī.

Other Authors: Roccati, Alessandro, 1941-, Curto, Silvio., Roiter, Fulvio, 1926-

Format: Book

Language: English

Published: Milano : Arnoldo Mondadori, c1984.

Subjects:

Tags: Add Tag

No Tags, Be the first to tag this record!

Call Number: DT59 .C2 C85 1984

LEADER 01205namaa2200337 4500
001 5883
003 OSt
005 20260510125356.0
008 130303s1984 it abe b 000 0 eng d
035 |a ocm43916921 
040 |c ARCE Library 
043 |a f-ua--- 
050 4 |a DT59 .C2 C85 1984 
240 0 0 |a Tresori dei faraoni.   |l English 
245 0 0 |a Treasures of the Pharaohs :  |b Cairo, Egyptian Museum /  |c edited by Silvio Curto and Alessandro Roccati ; photographs by Fulvio Roiter. 
264 1 |a Milano :  |b Arnoldo Mondadori,   |c c1984. 
300 |a 207 pages :  |b illustrations (some col.), maps, plans ;   |c 27 cm. 
500 |a Catalog of an exhibition held at Palazzo ducale, Venice, June-Dec. 1984. 
500 |a Translation of: Tresori dei faraoni. 
504 |a Bibliography : pages 206-207. 
610 2 0 |a Palazzo ducale (Venice, Italy) 
650 0 |a Art, Egyptian   |v Exhibitions. 
651 0 |a Egypt   |x Antiquities   |v Exhibitions. 
700 1 |a Roccati, Alessandro,  |d 1941-  |9 38575 
700 1 |a Curto, Silvio.  |9 28497 
700 1 |a Roiter, Fulvio,  |d 1926- 
710 2 |a Palazzo ducale (Venice, Italy) 
710 2 |a Matḥaf al-Miṣrī. 
901 |a reviewed 
942 |c BK  |2 lcc 
999 |c 6010  |d 6010